Листки из альбома (Запись № 13634967)
[ простой вид ]
| 000 -МАРКЕР | |
|---|---|
| контрольное поле | 06077ncm0a2200709 4500 |
| 001 - ИДЕНТИФИКАТОР ЗАПИСИ | |
| контрольное поле | RU\NLR\ONIZ\303187 |
| 005 - ИДЕНТИФИКАТОР ВЕРСИИ | |
| контрольное поле | 20260315072848.0 |
| 035 ## - ДРУГИЕ СИСТЕМНЫЕ НОМЕРА | |
| Идентификатор записи | (NLR Aleph) 022751077 |
| 071 20 - ИЗДАТЕЛЬСКИЙ НОМЕР | |
| Номер, присвоенный агентством | 32026 |
| 100 ## - ДАННЫЕ ОБЩЕЙ ОБРАБОТКИ | |
| Данные общей обработки | 20231124d1933 u y0rusy50 ca |
| 101 0# - ЯЗЫК РЕСУРСА | |
| Язык текста, звукозаписи и т.д. | немецкий |
| -- | русский |
| 102 ## - СТРАНА ПУБЛИКАЦИИ ИЛИ ПРОИЗВОДСТВА | |
| Страна публикации | российская федерация |
| 125 ## - ПОЛЕ КОДИРОВАННЫХ ДАННЫХ: ЗВУКОЗАПИСИ И НОТНЫЕ ИЗДАНИЯ | |
| Форма изложения нотного текста | a| |
| 145 0# - ПОЛЕ КОДИРОВАННЫХ ДАННЫХ: СРЕДСТВО ИСПОЛНЕНИЯ МУЗЫКАЛЬНОГО ПРОИЗВЕДЕНИЯ (УСТАРЕВШЕЕ) | |
| Тип средства исполнения | b |
| 200 1# - ЗАГЛАВИЕ И СВЕДЕНИЯ ОБ ОТВЕТСТВЕННОСТИ | |
| Основное заглавие | Листки из альбома |
| Общее обозначение материала | Ноты |
| Сведения, относящиеся к заглавию | 20 фортепианных пьес |
| Параллельное заглавие | Albumblätter |
| Сведения, относящиеся к заглавию | 20 clavierstücke |
| -- | op. 124 (componirt 1832-1845) |
| Язык параллельного заглавия | немецкий |
| Первые сведения об ответственности | Р. Шуман |
| Последующие сведения об ответственности | [ред.] (А. Гольденвейзер) |
| 203 ## - ВИД СОДЕРЖАНИЯ И ТИП СРЕДСТВА | |
| Вид содержания | Музыка |
| Дополнительные сведения об издании | знаковая |
| -- | визуальная |
| Тип средства | непосредственная |
| 210 ## - ПУБЛИКАЦИЯ, РАСПРОСТРАНЕНИЕ И ДР. | |
| Место издания, распространения и т.д. | Москва |
| Имя издателя, распространителя и т. д. | Государственное музыкальное издательство |
| Дата издания, распространения и т.д. | 1933 |
| 215 ## - ФИЗИЧЕСКАЯ ХАРАКТЕРИСТИКА | |
| Специфическое обозначение материала и объем | 29 с. |
| Размеры | 31 см |
| 300 ## - ОБЩИЕ ПРИМЕЧАНИЯ | |
| Текст примечания | Перед нот. текстом: Frau Alma vo Wasielewski zugeeignet |
| 313 ## - ПРИМЕЧАНИЯ, ОТНОСЯЩИЕСЯ К ТЕМАТИЧЕСКОМУ ДОСТУПУ | |
| Текст примечания | Систематизация документа проведена по изданию - Методика классифицирования музыкальных произведений (нотных изданий) по таблицам Библиотечно-библиографических классификаций : метод. рекомендации / Гос. б-ка СССР им. В.И. Ленина.- М., 1977. Индексу ББК методических рекомендаций присваивается код ББК для научных библиотек - LBC/SL |
| 317 ## - ПРИМЕЧАНИЯ О ПРОИСХОЖДЕНИИ ЭКЗЕМПЛЯРА | |
| Связь между полями | b05899 |
| Организация и экземпляр, к которому относится поле | NLR |
| Текст примечания | На тит. л. рукоп.: Уч-це Болховитиновой Н. кл. пед. Лапиной О. В. за хорошую успеваемость. Уч. часть. ДДК - ДХВО 12?/I-35 г. |
| 327 1# - ПРИМЕЧАНИЯ О СОДЕРЖАНИИ | |
| Текст примечания | 1. Экспромпт = Impromptu : [d-moll] ; |
| -- | 2. Печальное предчувствие = Leides Ahnung ; |
| -- | 3. Маленькое скерцо = Scherzino ; |
| -- | 4. Вальс = Walzer : [amoll] ; |
| -- | 5. Фантастический танец = Phantasietanz ; |
| -- | 6. Колыбельная песенка = Wiegenliedchen ; |
| -- | 7. Лэндлер : (старинный танец) = Ländler ; |
| -- | 8. Безпредельная скорбь = Leid ohne Ende ; |
| -- | 9. Экспромпт = Impromptu : [B-dur] ; |
| -- | 10. Вальс = Walzer : [Es-dur] ; |
| -- | 11. Романс = Romanze ; |
| -- | 12. Шутка = Burla ; |
| -- | 13. Largetto ; |
| -- | 14. Видение = Vision ; |
| -- | 15. Вальс = Walzer : [Es-dur] ; |
| -- | 16. Колыбельная песня = Schlummerlied ; |
| -- | 17. Эльф = Elfe ; |
| -- | 18. Послание = Botschaft ; |
| -- | 19. Фантастический отрывок = Phantasiestück ; |
| -- | 20. Канон = Canon |
| 464 #0 - АНАЛИТИЧЕСКИЙ УРОВЕНЬ | |
| Встроенное поле | 2001#$aЭкспромпт$dImpromptu$e[d-moll]$zger |
| -- | 215##$aС.3 |
| Заглавие | Экспромпт |
| 464 #0 - АНАЛИТИЧЕСКИЙ УРОВЕНЬ | |
| Встроенное поле | 2001#$aПечальное предчувствие$dLeides Ahnung$zger |
| -- | 215##$aС.4 |
| Заглавие | Печальное предчувствие |
| 464 #0 - АНАЛИТИЧЕСКИЙ УРОВЕНЬ | |
| Встроенное поле | 2001#$aМаленькое скерцо$dScherzino$zger |
| -- | 215##$aС.5 |
| Заглавие | Маленькое скерцо |
| 464 #0 - АНАЛИТИЧЕСКИЙ УРОВЕНЬ | |
| Встроенное поле | 2001#$aВальс$dWalzer$e[amoll]$zger |
| -- | 215##$aС.6 |
| Заглавие | Вальс |
| 464 #0 - АНАЛИТИЧЕСКИЙ УРОВЕНЬ | |
| Встроенное поле | 2001#$aФантастический танец$dPhantasietanz$zger |
| -- | 215##$aС.7 |
| Заглавие | Фантастический танец |
| 464 #0 - АНАЛИТИЧЕСКИЙ УРОВЕНЬ | |
| Встроенное поле | 2001#$aКолыбельная песенка$dWiegenliedchen$zger |
| -- | 215##$aС.8-9 |
| Заглавие | Колыбельная песенка |
| 464 #0 - АНАЛИТИЧЕСКИЙ УРОВЕНЬ | |
| Встроенное поле | 2001#$aЛэндлер$e(старинный танец)$dLändler$zger |
| -- | 215##$aС.9 |
| Заглавие | Лэндлер |
| 464 #0 - АНАЛИТИЧЕСКИЙ УРОВЕНЬ | |
| Встроенное поле | 2001#$aБезпредельная скорбь$dLeid ohne Ende$zger |
| -- | 215##$aС.10-11 |
| Заглавие | Безпредельная скорбь |
| 464 #0 - АНАЛИТИЧЕСКИЙ УРОВЕНЬ | |
| Встроенное поле | 2001#$aЭкспромпт$dImpromptu$e[B-dur]$zger |
| -- | 215##$aС.12 |
| Заглавие | Экспромпт |
| 464 #0 - АНАЛИТИЧЕСКИЙ УРОВЕНЬ | |
| Встроенное поле | 2001#$aВальс$dWalzer$e[Es-dur]$zger |
| -- | 215##$aС.13 |
| Заглавие | Вальс |
| 464 #0 - АНАЛИТИЧЕСКИЙ УРОВЕНЬ | |
| Встроенное поле | 2001#$aРоманс$dRomanze$zger |
| -- | 215##$aС.14-15 |
| Заглавие | Романс |
| 464 #0 - АНАЛИТИЧЕСКИЙ УРОВЕНЬ | |
| Встроенное поле | 2001#$aШутка$dBurla$zger |
| -- | 215##$aС.16-17 |
| Заглавие | Шутка |
| 464 #0 - АНАЛИТИЧЕСКИЙ УРОВЕНЬ | |
| Встроенное поле | 2001#$aLargetto |
| -- | 215##$aС.18 |
| Заглавие | Largetto |
| 464 #0 - АНАЛИТИЧЕСКИЙ УРОВЕНЬ | |
| Встроенное поле | 2001#$aВидение$dVision$zger |
| -- | 215##$aС.18-19 |
| Заглавие | Видение |
| 464 #0 - АНАЛИТИЧЕСКИЙ УРОВЕНЬ | |
| Встроенное поле | 2001#$aВальс$dWalzer$e[Es-dur]$zger |
| -- | 215##$aС.20 |
| Заглавие | Вальс |
| 464 #0 - АНАЛИТИЧЕСКИЙ УРОВЕНЬ | |
| Встроенное поле | 2001#$aКолыбельная песня$dSchlummerlied$zger |
| -- | 215##$aС.21-24 |
| Заглавие | Колыбельная песня |
| 464 #0 - АНАЛИТИЧЕСКИЙ УРОВЕНЬ | |
| Встроенное поле | 2001#$aЭльф$dElfe$zger |
| -- | 215##$aС.25 |
| -- | 6061#$aЭльфы (мифологический образ)$xМузыкальные интерпретации$jНоты$2nlr_sh |
| Заглавие | Эльф |
| 464 #0 - АНАЛИТИЧЕСКИЙ УРОВЕНЬ | |
| Встроенное поле | 2001#$aПослание$dBotschaft$zger |
| -- | 215##$aС.26 |
| Заглавие | Послание |
| 464 #0 - АНАЛИТИЧЕСКИЙ УРОВЕНЬ | |
| Встроенное поле | 2001#$aФантастический отрывок$dPhantasiestück$zger |
| -- | 215##$aС.27-29 |
| Заглавие | Фантастический отрывок |
| 464 #0 - АНАЛИТИЧЕСКИЙ УРОВЕНЬ | |
| Встроенное поле | 2001#$aКанон$dCanon$zger |
| -- | 215##$aС.29 |
| Заглавие | Канон |
| 606 1# - НАИМЕНОВАНИЕ ТЕМЫ КАК ПРЕДМЕТ | |
| Наименование темы | Фортепианная музыка немецкая |
| Хронологический подзаголовок | 19 в. |
| Формальный подзаголовок | Ноты |
| Код системы | nlr_sh |
| 606 1# - НАИМЕНОВАНИЕ ТЕМЫ КАК ПРЕДМЕТ | |
| Наименование темы | Музыкальные произведения для фортепиано |
| Географический подзаголовок | Германия |
| Хронологический подзаголовок | 19 в. |
| Формальный подзаголовок | Ноты |
| Код системы | nlr_sh |
| 606 1# - НАИМЕНОВАНИЕ ТЕМЫ КАК ПРЕДМЕТ | |
| Наименование темы | Фортепианные циклы |
| Географический подзаголовок | Германия |
| Хронологический подзаголовок | 19 в. |
| Формальный подзаголовок | Ноты |
| Код системы | nlr_sh |
| 606 1# - НАИМЕНОВАНИЕ ТЕМЫ КАК ПРЕДМЕТ | |
| Наименование темы | Циклы характерных и лирических пьес |
| Географический подзаголовок | Германия |
| Хронологический подзаголовок | 19 в. |
| Формальный подзаголовок | Ноты |
| Код системы | nlr_sh |
| 686 0# - ИНДЕКСЫ ДРУГИХ КЛАССИФИКАЦИЙ | |
| Индекс | Щ954.2-054(4Г) |
| 700 #1 - ИМЯ ЛИЦА - ПЕРВИЧНАЯ ОТВЕТСТВЕННОСТЬ | |
| Системный номер авторитетной/нормативной записи | z01790 |
| Начальный элемент ввода | Шуман |
| Часть имени, кроме начального элемента ввода | Р. |
| Даты | 1810-1856 |
| Расширение инициалов личного имени | Роберт |
| Код отношения | Композитор |
| Графика поля | Кириллица |
| 702 #1 - ИМЯ ЛИЦА - ВТОРИЧНАЯ ОТВЕТСТВЕННОСТЬ | |
| Системный номер авторитетной/нормативной записи | z03790 |
| Начальный элемент ввода | Василевски |
| Часть имени, кроме начального элемента ввода | А. Й. Л. |
| Даты | 1827-1871 |
| Расширение инициалов личного имени | Альма Йоханна Луиза |
| Код отношения | Объект посвящения |
| Графика поля | Кириллица |
| 702 #1 - ИМЯ ЛИЦА - ВТОРИЧНАЯ ОТВЕТСТВЕННОСТЬ | |
| Системный номер авторитетной/нормативной записи | z04790 |
| Начальный элемент ввода | Гольденвейзер |
| Часть имени, кроме начального элемента ввода | А.Б. |
| Даты | 1875-1961 |
| Расширение инициалов личного имени | Александр Борисович |
| Код отношения | Редактор |
| Графика поля | Кириллица |
| 790 #1 - ИМЯ ЛИЦА - АЛЬТЕРНАТИВНАЯ ФОРМА | |
| Системный номер авторитетной/нормативной записи | z01700 |
| Начальный элемент ввода | Schumann |
| Часть имени, кроме начального элемента ввода | R. |
| Даты | 1810-1856 |
| Расширение инициалов личного имени | Robert |
| Код отношения | Композитор |
| Графика поля | Латинская |
| 790 #1 - ИМЯ ЛИЦА - АЛЬТЕРНАТИВНАЯ ФОРМА | |
| Системный номер авторитетной/нормативной записи | z03702 |
| Начальный элемент ввода | Wasielewski |
| Часть имени, кроме начального элемента ввода | A. von |
| Даты | 1827-1871 |
| Расширение инициалов личного имени | Alma von |
| Код отношения | Объект посвящения |
| Графика поля | Латинская |
| 790 #1 - ИМЯ ЛИЦА - АЛЬТЕРНАТИВНАЯ ФОРМА | |
| Системный номер авторитетной/нормативной записи | z04702 |
| Начальный элемент ввода | Goldenweiser |
| Часть имени, кроме начального элемента ввода | A. B. |
| Даты | 1875-1961 |
| Расширение инициалов личного имени | Aleksandr Borisovich |
| Код отношения | Редактор |
| Графика поля | Латинская |
| 801 #0 - ИСТОЧНИК ЗАПИСИ | |
| Страна | российская федерация |
| Организация | NLR |
| Дата составления | 20231124 |
| Правила каталогизации | PSBO |
| 801 #1 - ИСТОЧНИК ЗАПИСИ | |
| Страна | российская федерация |
| Организация | NLR |
| Дата составления | 20231124 |
| Источник данных | rusmarc |
| 801 #2 - ИСТОЧНИК ЗАПИСИ | |
| Страна | российская федерация |
| Организация | NLR |
| Дата составления | 20231124 |
| 852 ## - МЕСТОНАХОЖДЕНИЕ И ШИФР ХРАНЕНИЯ | |
| -- | b05317 |
| Идентификатор организации | NLR |
| Шифр хранения (Call Number) | М К-4/6807 |
| Идентификатор единицы | 274503 |
| Номер экземпляра | 1 |
| 942 ## - ДОПОЛНИТЕЛЬНЫЕ ЭЛЕМЕНТЫ ЗАПИСИ (АБИС) | |
| Тип экземпляра АБИС | Ноты |
| 980 ## - КОЛЛЕКЦИЯ | |
| Название коллекции | Отдел нот и звукозаписей |
| 980 ## - КОЛЛЕКЦИЯ | |
| Название коллекции | Национальная библиография |
Нет доступных экземпляров.